000 00316nam a2200133Ia 4500
005 20260328104331.0
008 260328s9999||||xx |||||||||||||| ||und||
100 _aGómez, Alfonso
245 0 _aEl Oficio deL Arquitecto /
_cAlfonso Gómez
260 _bA.C.F.A
300 _a237 p.
650 _aARTE
942 _cBK
999 _c11733
_d11733